000 00668nam a2200289Ia 4500
005 20260324141011.0
008 008 260324s9999 xx 000 0 eng d
020 _a9780429313189
037 _aEBOOK
040 _aCRL
040 _beng
040 _cCRL
041 _2eng
041 _aeng
084 _qCRL
100 _aAlfonzo Gonzalez; Jim Norwine
_91206544
245 4 _aThe New Third World
245 0 _bSecond Edition
260 _bTaylor and Francis
260 _c1998
365 _a
365 _b230
856 _uhttp://www.taylorfrancis.com/books/9780429313189
942 _cEBOOK
999 _c1809178
_d1809178